00456nam a2200157Ia 4500003000900000008004100009040001600050080002300066100001500089245005000104260004000154300001000194650004100204650002700245650002600272IN-BaIIA211028s9999 xx 000 0 eng d cIIA Library a(03):535.33bKAY-V aKayser, H. 0aHandbuch der spectroscopiebvol. VcH. Kayser aLeipzigbVerlag Von S. Hirzelc1910 a853p. aAstronomy and Astrophysics Thesaurus aHandbooks-Spectroscopy aSpectroscopy Handbook